[Event "HUN-chT 1718"]
[Site "Hungary"]
[Date "2018.02.18"]
[Round "6.3"]
[White "Havasi, Gergo"]
[Black "Shengelia, Davit"]
[Result "1-0"]
[WhiteElo "2370"]
[BlackElo "2557"]
[Annotator "Havasi,G"]
[PlyCount "39"]
[EventDate "2017.11.25"]
[EventType "team-tourn"]
[EventRounds "9"]
[EventCountry "HUN"]
[SourceTitle "CBM 183"]
[Source "ChessBase"]
[SourceDate "2018.03.14"]
[SourceVersion "1"]
[SourceVersionDate "2018.03.14"]
[SourceQuality "1"]
[WhiteTeam "Husi"]
[BlackTeam "Penzugyor"]
[WhiteTeamCountry "HUN"]
[BlackTeamCountry "HUN"]

{My opponent was the two-time Austrian champion (in 2012 and 2015). The GM has
also won some prestigious opens (Graz, Chapelle la Grande). And he is also
known as the trainer of the Austrian olympiad teams. It was obvious, that the
game would be a serious combat; at the same time, it was a great honour to me
to have the opportunity to play against such a strong and experienced
grandmaster, whom I heard about a lot.} 1. e4 c5 2. Nf3 e6 3. d4 cxd4 4. Nxd4
Nf6 5. Bd3 Nc6 6. Nxc6 dxc6 7. O-O e5 8. Qf3 {The aim of this move is putting
the Q on the g3 square, from where it will keep the g7 and e6 Ps under
pressure.} (8. Nd2 {is the most common move} Be6 (8... Bc5 9. Nc4 Qe7 10. Be3
O-O 11. a4 Be6 12. Qf3 Nd7 13. Rfd1 a5 $11 {1/2 (31) Fierro Baquero,M (2269)
-Krasenkow,M (2655) Merida 2005}) 9. Qe2 (9. Qf3 {would lead to the position
in th game}) 9... Bc5 10. Nf3 Qc7 11. Be3 Bxe3 12. Qxe3 O-O 13. Qc5 Nd7 14. Qc3
Rad8 15. h3 f6 16. Rfd1 Rfe8 17. Nd2 Nf8 18. Nb3 Kh8 19. Bc4 Bc8 $11 {0-1 (44)
Tomczak,R (2374)-Nisipeanu,L (2665) Germany 2015}) 8... Be6 9. Nd2 Qc7 {
Protecting e5 and preparing 0-0-0.} (9... Be7 10. Qg3 Qc7 11. Nf3 {White
succesfully keeps the P under pressure.} Nd7 12. Qxg7 O-O-O 13. Ng5 Bxg5 14.
Qxg5 Nc5 15. Qe3 Nxd3 16. cxd3 $14 {1-0 (69) Horvath,Z (2350)-Tirabassi,M 
(2340) Italy 1994}) (9... Nd7 {Protecting the e5 P.} 10. Bc4 Qf6 11. Bxe6 Qxe6
12. b3 Bc5 13. Nc4 O-O 14. a4 Rfd8 15. Rd1 Nb6 16. Be3 Bd4 17. Nxb6 axb6 $11 {
1/2 (25) Tolnai,T (2514)-Horvath,C (2509) Hungary 2000}) 10. Bc4 {This move
has never been played so far. In the past games, players played} (10. a4 {
This plan wants to play on the Q-side with Nc4, Bd2-c3.} Be7 11. Nc4 O-O 12.
Bd2 Rad8 13. Bc3 Nd7 14. Rfe1 f6 15. Ne3 Nc5 16. Bf1 Rfe8 17. b4 Nd7 18. a5 b5
19. axb6 axb6 20. Nf5 $14 {1/2 (46) Horvath,Z (2326)-Gara,A (2394) Hungary 2004
}) (10. Nc4 {aas also played in a game.} Nd7 11. Ne3 Nc5 12. Be2 Rd8 $11 {
0-1 (21) Mahdy,K (2385)-Balinov,I (2499) Oberwart 2007}) 10... Bg4 {GM
Shengelia decides to move the B away from e6, so there will not be a double P,
but after Qg3, the B will be under pressure.} (10... O-O-O 11. Bxe6+ fxe6 12.
Nb3 $14) 11. Qg3 h5 (11... O-O-O 12. f3 Be6 (12... Bh5 13. Nb3 $14) 13. Bxe6+
fxe6 14. Nb3 $14) 12. Nf3 {This is the most accurate move to move the N to g5,
from where it unpleasantly attacks the f7 P.} O-O-O ({If Black exchanges the B,
then} 12... Bxf3 13. Qxf3 $14 {is a bit better for White, because of the B
pair and the weakness of the h5 P.}) 13. Ng5 {Continuing the plan,
unpleasantly attacking the f7 P.} (13. Nxe5 {is of course a big mistake} h4 $1
14. Qf4 Bd6 $19) 13... Bc5 {Active B move, White needs to play accurately to
achieve an advantage.} (13... Rd7 {protects the f7 P, but} 14. Qb3 {wins it}) (
13... h4 {Pushing the P to h3 cannot cause any harm in the position.} 14. Qb3
h3 15. g3 $16 (15. gxh3 {is also possible})) (13... Rd4 {Active R move that
prevents White from gaining a P advantage, but White will have a positional
advantage after} 14. Bxf7 Nxe4 15. Nxe4 Rxe4 16. Bg6 $1 $14) 14. Qb3 $1 {
An important move, that attacks the f7 P with another piece and the Q will not
be attacked by the N in the event of Nxf7 Nxe4.} ({The natural} 14. Nxf7 {
would lead to a very complicated position after} b5 $1) 14... Kb8 {This is a
prophylactic move to make the c8-square available for the B in the event of h3.
On the other hand, it allows Nxf7 and gaining a significant material advantage.
} (14... Rhf8 {In this case, it is the best to take on f7 with the B.} 15. Bxf7
$16 (15. Nxf7 Rd4 $1 $13)) 15. Nxf7 Nxe4 16. Nxh8 Nxf2 {From a practical point
view, this is still the best chance; on the other hand, it can be protected
with an important move.} (16... Bxf2+ {is not dangerous} 17. Rxf2 Nxf2 18. Nf7
$18) ({In the event of} 16... Rxh8 {, the best is} 17. Be3 $16 {to neutralize
the c5 B.}) 17. Be3 $18 {The safest move to neutralise the strong c5 B.} (17.
Rxf2 {is also a good move, but from a practical point of view, it seemed to be
better not to pin the f2 R} Rd1+ 18. Bf1 Be2 {seems dangerous, because of the
mate threat, but the simple} 19. Be3 Rxa1 20. Bxc5 {defends the threats and
gives a decisive advantage}) 17... Ne4 18. Bxc5 Nd2 (18... Nxc5 19. Qe3 {
keeps the R advantage}) 19. Qc3 e4 20. Nf7 {In spite of the fact that the game
was relatively short, both my GM opponent and I were low on time at the end. I
had a positional advantage in the beginning and it was important to make
precise moves to be able to exploit it, that took a lot of calculation. It was
a great honour for me to win a quality game against such a strong and
experienced grandmaster and get a point for my team.} 1-0

[Event "Mermaid Beach Club"]
[Site "Bermuda"]
[Date "1997.??.??"]
[Round "2"]
[White "Shaked, Tal"]
[Black "Hellsten, Johan"]
[Result "1-0"]
[WhiteElo "2445"]
[BlackElo "2485"]
[Annotator "Hecht,H"]
[PlyCount "133"]
[EventDate "1997.01.??"]
[EventType "tourn"]
[EventRounds "11"]
[EventCountry "BER"]
[EventCategory "11"]
[SourceTitle "CBM 058"]
[Source "ChessBase"]
[SourceDate "1997.06.01"]
[SourceVersion "1"]
[SourceVersionDate "1997.06.01"]
[SourceQuality "1"]

1. e4 {Endspiel-CD} c5 2. Nf3 e6 3. c3 d5 4. exd5 exd5 5. Bb5+ Nc6 6. Qe2+ Be7
7. O-O Nf6 8. Re1 Bg4 9. d3 Rc8 10. Bg5 Be6 11. Ne5 O-O 12. Bxc6 bxc6 13. Nxf7
Bxf7 14. Qxe7 Qxe7 15. Rxe7 Rfe8 16. Rxe8+ Rxe8 17. Nd2 Bg6 18. Be3 Bxd3 19.
Bxc5 Re2 20. Nf3 Rxb2 21. Ne5 Bb5 22. f3 Re2 23. a4 Bxa4 24. Rxa4 Rxe5 25. Rxa7
Re1+ 26. Kf2 Rc1 27. Bd4 c5 28. Be5 Rc2+ 29. Kg3 Re2 30. Bxf6 gxf6 {[#]
Auflösen der Bauern bis zum 59. Zug bis auf 2-1 Freibauern} 31. Ra5 c4 32. Rxd5
Rc2 33. Kf4 Rxg2 34. Kf5 Rxh2 35. Kxf6 Rh6+ 36. Kg5 Re6 37. Kf4 Rf6+ 38. Kg4
Rc6 39. Kf5 Rc7 40. f4 Kg7 41. Ke6 h6 42. Kd6 Rc8 43. Kd7 Rh8 44. Ke7 Rc8 45.
f5 Rc7+ 46. Ke6 Rc6+ 47. Ke5 Rc7 48. Kf4 Rc6 49. Rd7+ Kf8 50. Ke5 Rc5+ 51. Ke6
Rc6+ 52. Kd5 Rf6 53. Ke5 Rc6 54. f6 Rc5+ 55. Kd6 Ra5 56. Rh7 Ra6+ 57. Ke5 Ra5+
58. Kd4 Rh5 59. Kxc4 {[#] Schwarz versäumt den konsequenten Einsatz seines
Freibauern, was bei der Unmöglichkeit, seinen König zu aktivieren, besonders
wichtig ist.} Rh1 60. Kd5 h5 61. c4 Rd1+ $2 (61... h4 $1 62. c5 h3 63. c6 (63.
Ke6 Re1+ 64. Kd7 Rh1 65. c6 h2) 63... h2 64. c7 Rc1 65. Kd6 Rd1+ 66. Kc6 Rc1+
67. Kd7 Rd1+ 68. Kc8 h1=Q $11) 62. Ke6 Re1+ 63. Kd6 Rd1+ 64. Kc6 Rf1 $2 {
Ist chancenlos, da der schwarze König auf der falschen, nämlich der langen
Seite zurückbleibt. Ob die Rückkehr zum eingangs zitierten Plan noch ein Remis
ergeben hätte, ist zu prüfen. Es war jedenfalls die weitaus bessere Möglichkeit
} (64... Rh1 $1 65. c5 h4 66. Rh5 $1 h3 67. Rf5 h2 68. Rf2 Kf7 {Zugzwang! Aber.
..} 69. Rd2 $1 Kxf6 70. Kd6 Kf7 (70... Kf5 71. c6 Kf4 72. c7 Ke3 73. Rxh2 $18)
71. c6 (71. Kd7 $2 Rc1 $11) 71... Ke8 72. c7 Rc1 73. Re2+ Kf7 74. Rxh2 $18 {
Bitte sorgfältig nachprüfen!}) 65. Rxh5 Rxf6+ 66. Kd7 (66. Kb7 $18 {Endspiel-CD
}) 66... Rf7+ 67. Ke6 {Wegen der Mattgefahr erreicht der schwarze König nicht
d8} (67. Kd8 $18 {Endspiel-CD}) (67. Ke6 {Endspiel-CD} Re7+ 68. Kd6 Re1 69. c5
Rd1+ 70. Rd5 $18) 1-0

[Event "Evry 1st"]
[Site "Evry"]
[Date "2001.03.16"]
[Round "2"]
[White "Bergez, Luc"]
[Black "Charnushevich, Aliaksei"]
[Result "0-1"]
[WhiteElo "2426"]
[BlackElo "2435"]
[Annotator "Hecht,H"]
[PlyCount "108"]
[EventDate "2001.03.??"]
[EventType "tourn"]
[EventRounds "9"]
[EventCountry "FRA"]
[EventCategory "8"]
[SourceTitle "CBM 083"]
[Source "ChessBase"]
[SourceDate "2001.07.05"]
[SourceVersion "1"]
[SourceVersionDate "2001.07.05"]
[SourceQuality "1"]

1. e4 c5 2. Nf3 e6 3. b3 Nf6 4. e5 Nd5 5. c4 Nc7 6. Bb2 Nc6 7. g3 Rb8 8. Bg2 b5
9. d3 Be7 10. O-O O-O 11. Nbd2 d5 12. exd6 Bxd6 13. Ne4 e5 14. cxb5 Rxb5 15.
Nfd2 Bf5 16. Nc3 Rb6 17. Nc4 Ra6 18. Re1 f6 19. Bxc6 Rxc6 20. Rc1 Qd7 21. Ne4
Be7 22. Qe2 Nb5 23. a4 Nd4 24. Bxd4 cxd4 25. f3 Bb4 26. Red1 Rfc8 27. Rb1 Be6
28. Rb2 Bd5 29. Rc2 Qf7 30. Rdc1 Qh5 31. Kg2 Kh8 32. Nb2 f5 33. Rxc6 Bxc6 34.
Rc4 fxe4 35. dxe4 a5 36. Qc2 Qe8 37. Nd3 Bc3 38. Qe2 h6 39. Rc5 Bb7 40. Rxe5
Qf7 41. f4 Ba6 42. Qg4 Re8 43. Qf5 Qxf5 44. Rxe8+ Kh7 45. exf5 Bxd3 {[#]
Unaufhaltsamer d-Freibauer - man beachte den kleinen weißen Mattscherz} 46. g4
Bc2 47. Rd8 d3 48. g5 hxg5 49. fxg5 d2 50. h4 Bxf5 (50... d1=Q 51. g6+ Kh6 52.
Rh8#) 51. Kf3 Bc2 52. Ke2 d1=Q+ $1 (52... Bxb3 $6 53. Rxd2 Bxd2 54. Kxd2 Bxa4
$6 {wenn man vergisst, dass der Läufer nicht das Umwandlungsfeld des a-Bauern
beherrscht...} (54... Kg6 $1) 55. h5 Be8 56. h6 g6 57. Kc3 Kg8 58. Kb3 Kf8 59.
Ka3 Bf7 60. Ka4 Bg8 61. Kxa5 Ke7 62. Kb5 Ke6 $19 {mit Mühe!}) 53. Rxd1 Bxd1+
54. Kxd1 Kg6 {Alle weißen Bauern fallen.} 0-1

[Event "Lee Cup 4th"]
[Site "Beijing"]
[Date "1997.08.27"]
[Round "4"]
[White "Zhang, Zhong"]
[Black "Wang, Lei"]
[Result "0-1"]
[WhiteElo "2475"]
[BlackElo "2375"]
[Annotator "Hecht,H"]
[PlyCount "104"]
[EventDate "1997.08.23"]
[EventType "swiss"]
[EventRounds "11"]
[EventCountry "CHN"]
[SourceTitle "CBM 061"]
[Source "ChessBase"]
[SourceDate "1997.11.23"]
[SourceVersion "1"]
[SourceVersionDate "1997.11.23"]
[SourceQuality "1"]

1. e4 c5 2. Nf3 e6 3. d3 Nc6 4. g3 d5 5. Qe2 dxe4 6. dxe4 e5 7. Bg2 Nf6 8. O-O
Bg4 9. c3 Be7 10. h3 (10. Bg5 O-O 11. Nbd2 Nd7 12. Be3 Kh8 13. h3 Bh5 14. Rad1
Qc7 15. Rfe1 a6 16. Nc4 b5 17. Rxd7 Qxd7 18. Nb6 Qc7 19. Nxa8 Rxa8 20. Rd1 f5
21. Qc2 f4 22. Bc1 Rf8 23. g4 Bf7 24. b3 Be6 {Ranniku,M-Jahn,C/Manila olw 1992/
TD 92\07/1/2-1/2 (58)}) 10... Bd7 11. Na3 Qc7 12. Nc4 h6 13. Ne3 Be6 14. Nh4
O-O-O 15. Nef5 Bf8 16. b3 Qd7 17. Ba3 Qd3 18. Qxd3 Rxd3 19. Ne3 c4 20. Bxf8
Rxf8 21. bxc4 Rxc3 22. Nhf5 Rd8 23. Nxg7 Bxc4 24. Nxc4 Rxc4 25. Nf5 h5 26. Rfc1
Rxc1+ 27. Rxc1 Rd2 28. Nh6 Rxa2 29. Nxf7 Kd7 30. f4 Ke6 31. Ng5+ Ke7 32. fxe5
Nd7 33. Rb1 b6 34. e6 Nde5 35. g4 hxg4 36. h4 Nd4 37. Rf1 Nxe6 38. Rf5 Ra5 39.
Nxe6 Kxe6 40. h5 Nf7 41. Rxa5 bxa5 {[#] Two passed pawns against two, with
weak and blockaded White passed pawns and the better Black king position. [#]
2-2 Freibauern bei blockierten und schwachen weißen Freibauern und der
besseren schwarzen Königsstellung} 42. Bf1 (42. Kf2 a4 43. Bf1 Ne5 44. Be2 a3
45. Bd1 Nd3+ 46. Ke3 Nc5 $19) 42... Ke5 43. Bc4 Nh6 44. Bd5 a4 45. Kf2 Kf4 46.
Kg2 a3 47. Kh2 Kg5 48. Kg3 Kxh5 49. Kf4 Kh4 50. Be6 g3 51. Kf3 Ng4 52. Kg2 Ne5
(52... Ne5 53. Kg1 Kg5 54. Kg2 Kf4 55. Bd5 Nd3 $19) 0-1

[Event "Veterans-Women"]
[Site "Copenhagen"]
[Date "1997.??.??"]
[Round "3"]
[White "Smyslov, Vassily V"]
[Black "Arakhamia Grant, Ketevan"]
[Result "0-1"]
[WhiteElo "2480"]
[BlackElo "2430"]
[Annotator "Hecht,H"]
[PlyCount "152"]
[EventDate "1997.07.23"]
[EventType "schev"]
[EventRounds "10"]
[EventCountry "DEN"]
[SourceTitle "CBM 061"]
[Source "ChessBase"]
[SourceDate "1997.11.23"]
[SourceVersion "1"]
[SourceVersionDate "1997.11.23"]
[SourceQuality "1"]

1. e4 c5 2. Nf3 e6 3. b3 b6 4. c4 Bb7 5. Nc3 Nf6 6. Qe2 (6. Bd3 Nc6 7. Bb2 (7.
O-O d6 8. Bb1 Nd4 9. Bb2 Be7 10. Nxd4 cxd4 11. Ne2 Nxe4 12. Bxd4 O-O 13. f3 {
1/2-1/2 Bezgodov,A-Fogarasi,T/Balatonbereny op 1996/EXP 53}) 7... Be7 8. O-O
O-O 9. Re1 Ng4 10. e5 Qb8 11. Qe2 f6 12. exf6 Nxf6 13. Ne4 Qf4 14. g3 Qh6 15.
Neg5 Qh5 16. h4 Nb4 17. Bb1 h6 18. Bxf6 gxf6 19. Be4 Bxe4 20. Nxe4 Nc2 {
Tseitlin,M-Psakhis,L/Berliner Sommer 1991/TD 91\04/0-1 (47)}) 6... Nc6 (6... d6
7. d4 cxd4 8. Nxd4 a6 9. g3 Qc7 10. Bb2 Be7 11. Bg2 O-O 12. O-O Nc6 13. Nxc6
Bxc6 14. Rac1 Qb7 15. a4 Rac8 16. Rfe1 Rfe8 17. Rcd1 Qb8 18. Rd2 Nd7 19. Qd1
Red8 20. Ba3 Nc5 21. b4 {Dmitriev,I-Markowski,T/Katowice op 1995/EXP 47/1/2-1/
2 (34)}) 7. d3 d6 8. g3 Be7 9. Bg2 O-O 10. O-O Nd7 11. Bb2 Nde5 12. Nd1 Bf6 13.
Ne1 Nd4 14. Bxd4 cxd4 15. f4 Nc6 16. Nf2 g6 17. Nf3 Bg7 18. h4 h5 19. Rae1 Qd7
20. Ng5 Rae8 21. g4 f6 22. Ngh3 hxg4 23. Qxg4 Qf7 24. Qg3 Kh8 25. Ng4 Ne7 26.
Nh2 Qg8 27. Re2 Bc8 28. Kh1 Qh7 29. Ref2 e5 30. Ng4 f5 31. Ng5 Qh5 32. Nh2 exf4
33. Qxf4 Be5 34. Qd2 Qxh4 35. Bh3 Kg7 36. Nhf3 Qh5 37. Nxe5 dxe5 38. Rh2 f4 39.
Rg1 Rh8 40. Rgg2 f3 41. Rg3 Ref8 42. Bf1 Qxh2+ 43. Qxh2 Rxh2+ 44. Kxh2 f2 45.
Kg2 Nc6 46. Rf3 Rxf3 47. Nxf3 {[#] A sensitive White pawn structure and bad
bishop, with a passed g-pawn for Black. Maneuvering and tactics. [#] anfällige
weiße Bauernstruktur und schlechter Läufer, schwarzer g-Freibauer. Lavieren
und Taktik} Bg4 48. a3 a5 49. Nd2 Bd1 50. Kxf2 a4 51. bxa4 (51. b4 Nxb4 52.
axb4 a3 53. Be2 Bc2 $19) 51... Bxa4 52. Bh3 Na5 53. Bc8 Bc2 54. Ke2 Kf6 55. Nf3
Nb3 56. Ne1 Bb1 57. Bg4 Kg5 58. Bd7 Nc5 59. Be8 Kh6 60. Kd2 g5 61. Nf3 Nxd3 62.
Nh2 Kg7 63. Ng4 Kf8 64. Bb5 Ke7 65. c5 Nxc5 66. Nxe5 Bxe4 67. a4 Ke6 68. Nc4 g4
69. Nxb6 g3 70. Ke2 d3+ 71. Ke3 g2 72. Kf2 d2 73. Be2 Nd3+ 74. Kg1 Nf4 75. Bg4+
Kf7 76. Kh2 Nh3 $1 0-1

[Event "EU-Cup 19th"]
[Site "Rethymno"]
[Date "2003.09.29"]
[Round "2.1"]
[White "Cicak, Slavko"]
[Black "Jeremic, Veljko"]
[Result "1/2-1/2"]
[WhiteElo "2530"]
[BlackElo "2467"]
[Annotator "Hecht,H"]
[PlyCount "118"]
[EventDate "2003.09.28"]
[EventType "team-swiss"]
[EventRounds "7"]
[EventCountry "GRE"]
[SourceTitle "CBM 098"]
[Source "ChessBase"]
[SourceDate "2004.02.03"]
[SourceVersion "1"]
[SourceVersionDate "2004.02.03"]
[SourceQuality "1"]
[WhiteTeam "Trinec"]
[BlackTeam "Glasinac"]
[WhiteTeamCountry "CZE"]
[BlackTeamCountry "BIH"]

1. e4 e6 2. Nf3 d5 3. e5 c5 4. c3 Nc6 5. Bb5 Nge7 6. O-O Qb6 7. Ba4 Bd7 8. Re1
c4 9. b3 Qa6 10. Na3 Ng6 11. Nb5 Rc8 12. d3 cxd3 13. Qxd3 Qa5 14. Qd1 a6 15. b4
Qd8 16. Nd6+ Bxd6 17. exd6 O-O 18. Bc2 Qf6 19. Bd2 e5 20. Be3 e4 21. Nd4 Nce5
22. Ne2 Be6 23. Bd4 Qg5 24. Ng3 f5 25. Bb3 Nd3 26. Re3 Nxf2 27. Qh5 Qd8 28.
Kxf2 f4 29. Rxe4 fxg3+ 30. Kg1 Rf5 31. Qe2 gxh2+ 32. Kh1 Bf7 33. Rg4 Qxd6 34.
Bc2 Rh5 35. Rf1 Re8 36. Qf3 Qe6 37. Rg3 Rh4 38. Qf2 Re4 39. Bxe4 dxe4 40. a4
Qd7 41. Qf5 Be6 42. Qxe4 Bc4 43. Qf5 Qc7 44. Rgf3 Bxf1 45. Qd5+ Kh8 46. Rxf1
Qe7 47. Qf7 Qxf7 48. Rxf7 Re7 49. Bxg7+ Kg8 50. Rxe7 Nxe7 51. Bd4 Kf7 52. Kxh2
Ke6 {[#] Läufer mit Mehrbauer; die Königsaktivierung misslingt! Siehe
CBM#98-Artikel} 53. g4 $6 ({Richtig war} 53. Kg3 Kf5 (53... Kd5 54. Kf4) 54.
Kf3 h5 55. c4) 53... Kd5 54. Kg3 Ke4 $1 55. Kh4 Kf4 56. Kh5 Nd5 57. a5 h6 58.
Bg7 Kf3 59. Be5 $2 (59. Kxh6 Kxg4 60. Kg6 Kf4 61. Kf7 Kf5 62. Bh8 {bot noch
immer Gewinnchancen trotz} b6 {oder b5}) 59... Ne3 {[%csl Rg4]} 1/2-1/2

[Event "Asia-ch"]
[Site "Kolkata"]
[Date "2001.08.11"]
[Round "3"]
[White "Kazhgaleyev, Murtas"]
[Black "Sandipan, Chanda"]
[Result "1-0"]
[WhiteElo "2585"]
[BlackElo "2427"]
[Annotator "Hecht,H"]
[PlyCount "179"]
[EventDate "2001.08.09"]
[EventType "swiss"]
[EventRounds "11"]
[EventCountry "IND"]
[SourceTitle "CBM 085"]
[Source "ChessBase"]
[SourceDate "2001.11.13"]
[SourceVersion "1"]
[SourceVersionDate "2001.11.13"]
[SourceQuality "1"]

1. e4 c5 2. Nf3 e6 3. g3 d5 4. exd5 exd5 5. d4 Bd6 6. Bg2 Ne7 7. O-O Nbc6 8.
dxc5 Bxc5 9. Nbd2 O-O 10. Nb3 Bb6 11. Re1 d4 12. Ng5 Bf5 13. Ne4 Rc8 14. a3 Ne5
15. Bf4 Nc4 16. Qf3 Qd7 17. h3 Ng6 18. Rab1 Bxh3 19. Bh6 Qf5 20. Bg5 Qxf3 21.
Bxf3 f6 22. Bc1 Rfe8 23. Nbd2 Nce5 24. Bd1 Rcd8 25. b4 d3 26. c4 Bd4 27. Bb2
Bxb2 28. Rxb2 Nc6 29. Re3 f5 30. Ng5 Rxe3 31. fxe3 Bg4 32. Bb3 Nce5 33. Kf2 h6
34. c5+ Kh8 35. Ne6 Rc8 36. Nd4 Ne7 37. Nc4 N7c6 38. Nd6 Rb8 39. Rd2 Ne7 40.
Nf7+ Nxf7 41. Bxf7 g5 42. Rxd3 Rf8 43. Be6 h5 44. Nf3 Bxf3 45. Kxf3 Nc6 46. Rd5
Rf6 47. Bc8 Rf7 48. b5 Na5 49. Rd7 Rxd7 50. Bxd7 {[#] Guter Läufer mit
Mehrfreibauer. Gewinn bzw. Remis werden zwischendurch verpasst.} Kg7 51. Bxf5
$6 (51. c6 $1 bxc6 52. bxc6 Nxc6 53. Bxc6 Kf6 54. e4 fxe4+ 55. Kxe4 $18 {
Randbauer und Läufer passen zusammen!}) 51... Kf6 52. Ke4 Nc4 53. a4 b6 (53...
Nxe3 $2 54. Kxe3 Kxf5 55. a5 Ke6 56. c6 b6 (56... bxc6 57. b6 axb6 58. a6 $18)
(56... Kd6 57. cxb7 Kc7 58. a6 $18 {[%csl Rg5,Rh5][%cal Re3e4,Re4f5]}) 57. axb6
axb6 58. Ke4 $18) 54. cxb6 (54. Kd4 Kxf5 55. Kxc4 h4 56. gxh4 gxh4 57. cxb6
axb6 58. a5 h3 59. axb6 h2 60. b7 h1=Q 61. b8=Q Qe4+ $11) 54... axb6 $2 (54...
Nxb6 $1 55. a5 Na4 $1 $11 {[%cal Ra4c3,Ra4c5]}) 55. Bh3 g4 (55... Nb2 56. a5
bxa5 57. Kd5 g4 58. Bg2 Ke7 (58... a4 59. b6 a3 60. b7 a2 61. b8=Q a1=Q 62.
Qf8+ Kg5 63. Qg7+ Kf5 64. Be4#) 59. Kc6 Kd8 60. Kb7 $18) 56. Bg2 Ke6 57. Kf4
Kd6 (57... Nb2 58. Kg5 Nxa4 59. Kxh5 Nc3 60. Bc6 Nd1 61. Kxg4 Nxe3+ 62. Kf4 $18
) 58. Bf1 Nb2 59. Kg5 Nd1 60. e4 Nc3 61. Kxh5 Nxa4 62. Kxg4 Ke5 63. Bd3 Nc5 64.
Bc2 Ne6 65. Kh5 Nc7 66. g4 Nxb5 67. g5 Nd6 68. g6 Kf6 69. Kh6 Ne8 70. Ba4 Nd6
71. Bc6 Nc8 72. g7 Ne7 73. Ba4 Ke5 74. Bc2 Kd4 75. Kh7 Kc3 76. Bb1 Kb2 77. g8=Q
Nxg8 78. Kxg8 Kxb1 79. e5 b5 80. e6 b4 81. e7 b3 82. e8=Q b2 83. Kf7 Ka2 84.
Qa4+ Kb1 85. Ke6 Kc1 86. Qc4+ Kd1 87. Qb3+ Kc1 88. Qc3+ Kb1 89. Ke5 Ka2 90. Qc2
1-0

[Event "Asia-ch"]
[Site "Kolkata"]
[Date "2001.08.12"]
[Round "4"]
[White "Hossain, Enamul"]
[Black "Kostenko, Petr"]
[Result "1-0"]
[WhiteElo "2353"]
[BlackElo "2494"]
[Annotator "Hecht,H"]
[PlyCount "99"]
[EventDate "2001.08.09"]
[EventType "swiss"]
[EventRounds "11"]
[EventCountry "IND"]
[SourceTitle "CBM 085"]
[Source "ChessBase"]
[SourceDate "2001.11.13"]
[SourceVersion "1"]
[SourceVersionDate "2001.11.13"]
[SourceQuality "1"]

1. e4 c5 2. Nf3 e6 3. d3 Nc6 4. g3 g6 5. Bg5 Qb6 6. Qc1 Bg7 7. c3 d6 8. Bg2
Nge7 9. O-O O-O 10. Na3 Qd8 11. Nc2 e5 12. b4 Be6 13. Qd2 cxb4 14. cxb4 f6 15.
Be3 d5 16. b5 Na5 17. Bc5 dxe4 18. dxe4 Qxd2 19. Nxd2 Rfc8 20. Bxe7 Rxc2 21.
Bb4 b6 22. Nb3 Nxb3 23. axb3 Bd7 24. Rfc1 Rxc1+ 25. Rxc1 Bxb5 26. Bh3 Re8 27.
Rc7 a5 28. Be7 Be2 29. Be6+ Kh8 30. Kg2 b5 31. Bd5 Bd1 32. Ra7 a4 33. bxa4 Bxa4
34. Rb7 Bc2 35. h4 f5 36. f3 fxe4 37. fxe4 Bd3 38. g4 Bc4 39. g5 Bxd5 40. exd5
Kg8 41. Kf3 e4+ 42. Ke3 Bf8 43. Bxf8 Kxf8 44. Rxh7 b4 45. Rh8+ Kf7 46. Rxe8
Kxe8 47. Kxe4 {Um zwei Linien voneinander getrennte Freibauern drei Reihen vor
der Umwandlung gewinnen regelmäßig, es sei denn einer von beiden kann sofort
geschlagen werden.} Ke7 48. Kd4 Kd6 49. h5 b3 50. Kc3 ({Beweis:} 50. Kc3 gxh5 (
50... Kxd5 51. h6 $18) 51. g6 Ke7 (51... h4 {wäre um ein Tempo zu langsam}) 52.
d6+ Kf6 53. d7 Ke7 54. g7 $18) 1-0